002020000a2200061000450024500500000030000440005077300460009410aHow do churches grow? Believing and belonging aVol. 13, Num. 2 (1995), Páginas 93-960 tScottish Bulletin of Evangelical Theology